<?xml version="1.0" encoding="UTF-8"?><?xml-stylesheet type="text/xsl" href="static/style.xsl"?><OAI-PMH xmlns="http://www.openarchives.org/OAI/2.0/" xmlns:xsi="http://www.w3.org/2001/XMLSchema-instance" xsi:schemaLocation="http://www.openarchives.org/OAI/2.0/ http://www.openarchives.org/OAI/2.0/OAI-PMH.xsd"><responseDate>2026-04-18T03:16:33Z</responseDate><request verb="GetRecord" identifier="oai:www.recercat.cat:10256/22756" metadataPrefix="marc">https://recercat.cat/oai/request</request><GetRecord><record><header><identifier>oai:recercat.cat:10256/22756</identifier><datestamp>2025-02-13T05:00:02Z</datestamp><setSpec>com_2072_452955</setSpec><setSpec>com_2072_2054</setSpec><setSpec>col_2072_452959</setSpec><setSpec>col_2072_453077</setSpec></header><metadata><record xmlns="http://www.loc.gov/MARC21/slim" xmlns:dcterms="http://purl.org/dc/terms/" xmlns:xsi="http://www.w3.org/2001/XMLSchema-instance" xmlns:doc="http://www.lyncode.com/xoai" xsi:schemaLocation="http://www.loc.gov/MARC21/slim http://www.loc.gov/standards/marcxml/schema/MARC21slim.xsd">
   <leader>00925njm 22002777a 4500</leader>
   <datafield ind2=" " ind1=" " tag="042">
      <subfield code="a">dc</subfield>
   </datafield>
   <datafield ind2=" " ind1=" " tag="720">
      <subfield code="a">Jiménez Carro, Laura</subfield>
      <subfield code="e">author</subfield>
   </datafield>
   <datafield ind2=" " ind1=" " tag="720">
      <subfield code="a">Freixa Casals, Anna</subfield>
      <subfield code="e">author</subfield>
   </datafield>
   <datafield ind2=" " ind1=" " tag="720">
      <subfield code="a">Besolí Mestres, Neus</subfield>
      <subfield code="e">author</subfield>
   </datafield>
   <datafield ind2=" " ind1=" " tag="720">
      <subfield code="a">Sabater, Sergi</subfield>
      <subfield code="e">author</subfield>
   </datafield>
   <datafield ind2=" " ind1=" " tag="260">
      <subfield code="c">2023-05-01</subfield>
   </datafield>
   <datafield ind2=" " ind1=" " tag="520">
      <subfield code="a">One of the main effects of global change is the human interference in the global water cycle, which alters river hydrological dynamics and submits their biological communities to hydric stress. Hydric stress is a pulse disturbance with potential multiple effects on biodiversity and functions in river ecosystems. The presence of habitat specialists may support the response of biological communities to pulse disturbances, maintaining ecological functions more consistently than other communities only having generalists. We tested this general hypothesis in stream communities submitted to increasing hydric stress (normal conditions vs humidity vs desiccation). We used communities with variable proportion of specialist algal and cyanobacterial taxa and tested their resistance to hydric stress by analyzing potential changes on their number of species, biovolume, proportion of intact cells, and photosynthetic variables (basal fluorescence, photosynthetic yield). We also evaluated the recovery of ecological functions (net community primary production, community respiration, phosphorus uptake) once hydric stress conditions ended. Hydric stress caused a slight decrease in the number of species and biovolume of assemblages, but the proportion of intact cells did not significantly change because of the disturbance. Basal fluorescence and photosynthetic yield under hydric stress decreased more markedly in communities without specialist taxa, while communities with habitat specialists resisted better. Metabolism did not remarkably decrease under moderate hydric stress, but dropped by half under desiccation in all communities, having or not specialist taxa. Overall, specialist taxa did provide higher resistance to stress but did not support a distinct recovery of ecological functions. We suggest that this characteristic response is related to the high plasticity of biofilm structures</subfield>
   </datafield>
   <datafield ind2=" " ind1=" " tag="520">
      <subfield code="a">This research was funded by the project RIVSTRESS (PID2020-115708RB-C22). ICRA researchers acknowledge funding from the CERCA program and the support through the Consolidated Research Group ICRA-ENV 2021 SGR 01282. AF acknowledges the Juan de la Cierva program (IJC2019-039181-I) funded by MCIN/AEI</subfield>
   </datafield>
   <datafield ind2=" " ind1=" " tag="520">
      <subfield code="a">Open Access funding provided thanks to the CRUE-CSIC agreement with Elsevier</subfield>
   </datafield>
   <datafield ind2=" " ind1=" " tag="520">
      <subfield code="a">6</subfield>
   </datafield>
   <datafield tag="653" ind2=" " ind1=" ">
      <subfield code="a">Ecologia fluvial</subfield>
   </datafield>
   <datafield tag="653" ind2=" " ind1=" ">
      <subfield code="a">Stream ecology</subfield>
   </datafield>
   <datafield tag="653" ind2=" " ind1=" ">
      <subfield code="a">Estrès hídric</subfield>
   </datafield>
   <datafield tag="653" ind2=" " ind1=" ">
      <subfield code="a">Hydric stress</subfield>
   </datafield>
   <datafield tag="653" ind2=" " ind1=" ">
      <subfield code="a">Adaptació (Biologia)</subfield>
   </datafield>
   <datafield tag="653" ind2=" " ind1=" ">
      <subfield code="a">Adaptation (Biology)</subfield>
   </datafield>
   <datafield ind2="0" ind1="0" tag="245">
      <subfield code="a">Resistance but not recovery is related to the role of specialist taxa in river communities submitted to hydric stress</subfield>
   </datafield>
</record></metadata></record></GetRecord></OAI-PMH>